[Event "BRA-ch Amateur"]
[Site "Sao Paulo"]
[Date "2015.04.03"]
[Round "6"]
[White "Nunes, Marcela Andreia Dia"]
[Black "Souza, Kim Garcia De"]
[Result "0-1"]
[WhiteElo "1497"]
[BlackElo "1764"]
[PlyCount "168"]
[EventDate "2015.04.30"]
[EventType "swiss"]
[EventRounds "7"]
[EventCountry "BRA"]
[SourceTitle "EXT 2022"]
[Source "ChessBase"]
[SourceDate "2021.10.06"]
[SourceVersion "1"]
[SourceVersionDate "2021.10.06"]
[SourceQuality "1"]

1. d4 d5 2. c4 e6 3. Nc3 Nf6 4. Bg5 Be7 5. e3 b6 6. Nf3 Bb7 7. Be2 h6 8. Bf4 Nh5 9. Be5 Nd7 10. cxd5 exd5 11. 0-0 Nxe5 12. Nxe5 Nf6 13. Bb5+ Kf8 14. Nc6 Qd6 15. Nxe7 Kxe7 16. a3 c6 17. Be2 g5 18. Rc1 h5 19. b4 b5 20. Qd3 Ng4 21. f4 Rag8 22. h3 Nh6 23. Bxh5 g4 24. hxg4 Nxg4 25. Bxg4 Rxg4 26. Qf5 Rhg8 27. Rc2 f6 28. Rf3 Bc8 29. Qd3 Rh4 30. Kf2 Rh2 31. Rg3 Bg4 32. Ne2 Qe6 33. Qc3 Kd7 34. Qc5 Ra8 35. Rc1 f5 36. a4 a6 37. Qb6 Rc8 38. Qxa6 bxa4 39. Qxa4 Rhh8 40. b5 cxb5 41. Qxb5+ Ke7 42. Ra1 Rc6 43. Ra7+ Kd8 44. Ra8+ Rc8 45. Qa5+ Ke7 46. Ra7+ Kf6 47. e4 Qxe4 48. Re3 Qxe3+ 49. Kxe3 Rhe8+ 50. Kd2 Rxe2+ 51. Kd3 Re6 52. Ra6 Be2+ 53. Kd2 Bxa6 54. Qxd5 Rce8 55. g4 fxg4 56. Qg5+ Kf7 57. Qd5 Kg7 58. Qg5+ Rg6 59. Qd5 Re2+ 60. Kc3 g3 61. f5 Rf6 62. Qd7+ Rf7 63. f6+ Kxf6 64. Qd6+ Re6 65. Qxg3 Rfe7 66. Qf4+ Kg7 67. Qg5+ Kf8 68. Qf5+ Ke8 69. Qh5+ Kd7 70. Qd5+ Rd6 71. Qf5+ Kc7 72. Qa5+ Rb6 73. d5 Kb7 74. Kd4 Rd7 75. Qc3 Rc7 76. Qg3 Rd7 77. Qc3 Rbd6 78. Qb4+ Ka8 79. Qc5 Bb7 80. Qa3+ Kb8 81. Kc3 Rxd5 82. Qf8+ Ka7 83. Qa3+ Ba6 84. Kc2 Rd2+ 0-1